Кусков П.

Доступно только в Электронных читальных залах Найти на картеНа карте
RUSMARC
00004001nmc2a22002771x 450
0010d7d1ab5-9bd7-4b19-8267-e5050e2cf344
00520131118184955.0
100##$a20130717l18961913k y0rusy50 ca
1010#$arus
102##$aRU
105##$ab z |||||
2001#$aКусков П.
$j1896-1913
215##$a41 лист
$cмарки, визит. карт.
251##$cДело
300##$aЗаголовок дела на папке: Письма Кускова Платона Александровича Никольскому Б. Вл.
300##$aЛисты: 37-41 - визитные карточки; 15, 22, 27 -конверты; 15, 27 - марки почтовые; 27 - марки гербовые; 13 - загрязнен
300##$aРукописный текст
330##$aА. Переписка; 1. Письма к Б. В. Никольскому; (Геерлингер И., Мичерлинг А. А.) см. № 495
461#0$10011c5950b4-9b17-43ad-92f1-e565a07ae223
$12001
$aНикольский Борис Владимирович, историк права, профессор Юрьевского и Петербургского университетов, один из руководителей главного совета "Русского собрания", поэт, критик
$1251
$cФонд
$1852
$j588
462#0$1001855f2cb0-80f8-42f6-88fa-41bf4837b2b7
$12001
$aНикольский Борис Владимирович. 1837-1919 гг.
$1251
$cОпись
$1852
$j1
517##$aПисьма Кускова Платона Александровича Никольскому Б. Вл.
600#1$aНикольский
$bБ. В.
$gБорис Владимирович
600#1$aКусков
$bП. А.
$gПлатон Александрович
801#0$aRU
$bGA_RF
801#1$aRU
$bНПО Опыт
$c20130717
$2rusmarc
801#2$aRU
$bПБ им. Б.Н. Ельцина
$c20131118
$gRCR
$2rusmarc
852##$aГА РФ
$j405
937##$d41760202
$hПБ
035##$aRuPRLIB51008683
Формат отображения